000 01218nam a2200313 a 4500
001 000031119
003 DO-SdBNP
005 20250909134327.0
008 110613s2003 dr 000 0 spa d
020 _a9993455326
040 _aDO-SdBNP
_bspa
_cBNPHU
041 _hspa
082 4 _a923.2
_bD812B
_222
100 1 _aBalcácer, Juan Daniel,
_d1949-
_96566
245 1 0 _aDuarte para estudiantes /
_cJuan Daniel Balcácer; editor Tomás Castro Burdiez.
264 1 _aSanto Domingo :
_bFundación para la Educación y el Arte.,
_c2003.
300 _a40 Páginas ;
_c21 cm.
336 _atexto
_btxt
_2rdacontent
337 _asin mediación
_bn
_2rdamedia
338 _avolumen
_bnc
_2rdacarrier
490 1 _aCadernos Educativos y Culturales
_vno. 10
_aIndependencia nacional
500 _aIncluye referencias bibliográficas y notas al pie de las páginas
600 1 0 _aDuarte, Juan Pablo,
_d1813-1876
_xCrítica e interpretación
_91494
651 7 _aRepública Dominicana
_xHistoria
_y1844-1930
_91009
700 _aCastro, Tomás,
_d1959-
_eed.
_924641
830 0 _aCadernos Educativos y Culturales
_vno. 10
_pIndependencia nacional
_957592
910 _aValidado. Control de Calidad/MAA
942 _2ddc
_cLBS1
999 _c30611
_d30611